000 00667nam a22002057a 4500
999 _c557
_d557
003 AR-CdUCM
008 190225b ||||| |||| 00| 0 spa d
040 _aMUNICIPALIDAD PROVINCIAL DEL CUSCO
_cBIBLIOTECA MUNICIPAL DEL CUSCO
082 _a848.71 /
_bH88
100 _aVíctor Hugo
_9351
245 _aNuestra señora de París /
260 _aPerú :
_bEdic. Culturales Marfil,
_c1988
300 _a422 paginas ;
_c18 cm.
500 _zSala grande -- Pedro Gringoide --El señor cardenal --Quasimodo ...
650 _aBiografía
_922
650 _aArgumento de la obra
_92167
650 _aTeatro épico
_92168
942 _2ddc
_cLIBROS
945 _arjall
_d2019-02-25